000 00572cam a2200205 4500
001 D9233
008 090401t1977 xxu||||| |||| 00| 0 eng d
035 _a(Sirsi) u18232
041 _aeng
050 _a526.982
100 _aThompson, Edgar Hynes
245 _aPhotogrammetry and surveying: a selection of papers 1910-1976
260 _aLondon
_bPhotogrammetric Society
_c1977
300 _axiv. 359p. ill. 25cm
350 _a7.5
520 _aIncludes list of publications of E. H. Thompson
700 _aAtkinson, K.B (ed)
942 _n0
948 _c04/03/1997
999 _c87582
_d87582